<?xml version="1.0" encoding="UTF-8"?>
<collection xmlns="http://www.loc.gov/MARC21/slim">
<record>
  <controlfield tag="001">156385</controlfield>
  <controlfield tag="005">20250516093845.0</controlfield>
  <datafield tag="037" ind1=" " ind2=" ">
    <subfield code="a">TAZ-TFG-2020-1253</subfield>
  </datafield>
  <datafield tag="041" ind1=" " ind2=" ">
    <subfield code="a">spa</subfield>
  </datafield>
  <datafield tag="100" ind1="1" ind2=" ">
    <subfield code="a">Sabilla Hernández, Marina</subfield>
  </datafield>
  <datafield tag="242" ind1="0" ind2="0">
    <subfield code="a">Psychodrama Intervention Program aimed at Female Prisoners in Spanish Prisons</subfield>
  </datafield>
  <datafield tag="245" ind1="0" ind2="0">
    <subfield code="a">Programa de Intervención con Psicodrama dirigido a Mujeres Reclusas en Cárceles Españolas</subfield>
  </datafield>
  <datafield tag="260" ind1=" " ind2=" ">
    <subfield code="a">Zaragoza</subfield>
    <subfield code="b">Universidad de Zaragoza</subfield>
    <subfield code="c">2020</subfield>
  </datafield>
  <datafield tag="506" ind1=" " ind2=" ">
    <subfield code="a">by-nc-sa</subfield>
    <subfield code="b">Creative Commons</subfield>
    <subfield code="c">3.0</subfield>
    <subfield code="u">http://creativecommons.org/licenses/by-nc-sa/3.0/</subfield>
  </datafield>
  <datafield tag="520" ind1=" " ind2=" ">
    <subfield code="a">La población reclusa femenina española es grande en comparación con Europa, aunque sigue siendo una minoría. Las consecuencias de entrar en prisión generan estrés, ansiedad o depresión, además de antecedentes de abuso y otras experiencias traumáticas previas que tienen muchas mujeres, y que suman al malestar psicológico que se genera en este tipo de entornos. La importancia de estos problemas lleva a presentar este programa de intervención, cuyo objetivo general es mejorar el bienestar psicológico y la calidad de vida de estas mujeres durante su estancia en prisión. Se escogerán 20 participantes, las cuales rellenarán el cuestionario CORE-OM antes y después de la implementación del programa, para evaluar su eficacia. La intervención consistirá en 14 sesiones en las que se utilizarán técnicas psicodramáticas como el juego de roles, soliloquio, escultura, improvisación o espejo. Tras la aplicación del programa, se espera que las participantes adquieran habilidades para hacer frente a diferentes situaciones que puedan surgir dentro de la prisión, aliviar síntomas de ansiedad y depresión, mejorar la calidad de sus relaciones, y aumentar su autoestima, mejorando así su bienestar psicológico y calidad de vida dentro de prisión.&lt;br />&lt;br /></subfield>
  </datafield>
  <datafield tag="521" ind1=" " ind2=" ">
    <subfield code="a">Graduado en Psicología</subfield>
  </datafield>
  <datafield tag="540" ind1=" " ind2=" ">
    <subfield code="a">Derechos regulados por licencia Creative Commons</subfield>
  </datafield>
  <datafield tag="700" ind1=" " ind2=" ">
    <subfield code="a">Játiva Casanova, Raquel</subfield>
    <subfield code="e">dir.</subfield>
  </datafield>
  <datafield tag="710" ind1="2" ind2=" ">
    <subfield code="a">Universidad de Zaragoza</subfield>
    <subfield code="b">Psicología y Sociología</subfield>
    <subfield code="c">Psicología Básica</subfield>
  </datafield>
  <datafield tag="856" ind1="0" ind2=" ">
    <subfield code="f">745415@unizar.es</subfield>
  </datafield>
  <datafield tag="856" ind1="4" ind2=" ">
    <subfield code="s">472028</subfield>
    <subfield code="u">http://zaguan.unizar.es/record/156385/files/TAZ-TFG-2020-1253.pdf</subfield>
    <subfield code="y">Memoria (spa)</subfield>
  </datafield>
  <datafield tag="909" ind1="C" ind2="O">
    <subfield code="o">oai:zaguan.unizar.es:156385</subfield>
    <subfield code="p">driver</subfield>
    <subfield code="p">trabajos-fin-grado</subfield>
  </datafield>
  <datafield tag="950" ind1=" " ind2=" ">
    <subfield code="a"></subfield>
  </datafield>
  <datafield tag="980" ind1=" " ind2=" ">
    <subfield code="a">TAZ</subfield>
    <subfield code="b">TFG</subfield>
    <subfield code="c">FCSH</subfield>
  </datafield>
  <datafield tag="999" ind1=" " ind2=" ">
    <subfield code="a">20200617172105.CREATION_DATE</subfield>
  </datafield>
  <datafield tag="951" ind1=" " ind2=" ">
    <subfield code="a">deposita:2025-05-16</subfield>
  </datafield>
</record>
</collection>